000 00787nam a2200205 a 4500
001 5896
003 CO-ViMGA
008 141112s2004 ck r 000 u spa d
040 _aCO-ViMGA
_bspa
_cCO-ViMGA
082 0 4 _a463.1 S111
100 1 _aSabate, Emilio
_94484
245 1 0 _aPara escribir correctamente :
_bmetodo de gran valor didáctico para resolver las dificultades del idioma
250 _a8a
260 _aBarcelona :
_bJuventud,
_c1994
300 _a215 p
505 _aAcentuación Puntuación Gerundios Pronombres División de palabras Letras mayúsculas o diacríticas Preposiciones Póngase la palabra adecuada Verbos Modelos de conjugación Signos de corrección en imprenta
650 1 4 _aESPAÑOL - ORTOGRAFIA
_95486
650 1 4 _aORTOGRAFIA
_96186
942 _2ddc
_cBK
999 _c17872
_d17872